000 00613nam a22002297a 4500
003 UA-OsUOA
001 96334
007 ta
008 20130319b un ||||| |||| 00| 0 ukr d
100 _aМоравиа А.
090 _a821.131.1
_bМ79
942 _cBK
040 _aUA-OsUOA
_brus
_cUA-OsUOA
_dUA-OsUOA
245 _aСкука
_bроман
300 _a272 с.
955 _a3
041 _arus
080 _a821.131.1
260 _aСПб
_bХудожественная литература
_c1992
650 7 _a82 Література. Літературознавство
_2UDC
999 _c382583
_d382583